Review of European Studies

Bibliographic Details
Format: Journal
Language:English
Published: Toronto : Canadian Center of Science and Education, 2009-
Subjects:
Online Access:http://www.vlex.com/source/7233

MARC

LEADER 00000nas a22000007a 4500
005 20130311182322.0
007 cr|||| ||||
008 130311c20099999xxcur|p s|||| 0|||a1eng d
022 |a 19187173  
035 |a 7233 
040 |a vLex 
090 |c 3893  |d 3893 
245 0 0 |a Review of European Studies  |h [Recurso electrn̤ico]  
256 |a Servicio en ln̕ea 
260 |a Toronto :  |b Canadian Center of Science and Education,   |c 2009- 
300 |a 1 Recurso electrn̤ico 
506 |d vLex Global  |d vLex Global (Academic Edition, excluding Law Schools)  |d vLex Global (U.S. Academic Edition, Law Schools)  |d vLex Global (U.S. Academic Edition, excluding Law Schools)  |d vLex Global (Academic Edition, Law Schools) 
650 0 4 |a Ciencias polt̕icas  |v Revistas  |z Europa 
740 |a vLex Revistas (Servicio en ln̕ea) 
856 |a Acceso restringido  |u http://www.vlex.com/source/7233 
942 |c REV 
999 0 |a Political science